| 000 | 00657nam a2200253Ia 4500 | ||
|---|---|---|---|
| 003 | OSt | ||
| 005 | 20221005085915.0 | ||
| 006 | a|||||r|||| 00| 0 | ||
| 007 | ta | ||
| 008 | 221004b |||||||| |||| 00| 0 eng d | ||
| 024 | _a33564 | ||
| 037 | _cTextual | ||
| 040 |
_aCRL _cCRL _beng |
||
| 041 |
_2eng _aeng |
||
| 082 | _aN5d53, J1 | ||
| 100 |
_aHuyghe Rene _9614678 |
||
| 245 | 0 | _aArt treasures of the Louvre | |
| 260 |
_aNew York _bHarry N Abrams _c1951 |
||
| 300 |
_a178P _ccm. |
||
| 650 | _aARTS | ||
| 700 |
_a Fox Milton S _9614679 |
||
| 942 |
_hN5d53, J1 _cTEXL _2cc |
||
| 999 |
_c994974 _d994974 |
||